000 00802nam a2200229Ia 4500
001 16755
003 GE_BSU
008 181216s||||||||xx |||||||||||||| ||und||
040 _cGE_BSU
080 _a82-93:821.353.1-32
100 _aიორამაშვილი, ს.
245 _aკარავი მტკვრის პირას
245 _bმოთხრობები
245 _cრედ.ვ.გაბაიძე.ილ. რ. ცუცქირიძე და კ. მახარაძე
260 _aთბილისი
260 _bსაბლიტგამი
260 _c1959
300 _a106გვ. : ილ. ; 20სმ
653 _aკარავი მტკვრის პირას
653 _aმოთხრობები
942 _cBK
999 _c49820
_d49820